El acuerdo de regulación de empleo y la actuación de oficio de la administración laboral en la acción de nulidad (Registro nro. 162720)
[ vista simple ]
| 000 -LEADER | |
|---|---|
| fixed length control field | 01068nam a22002297a 4500 |
| 007 - PHYSICAL DESCRIPTION FIXED FIELD--GENERAL INFORMATION | |
| fixed length control field | cr|||| |||| |
| 008 - FIXED-LENGTH DATA ELEMENTS--GENERAL INFORMATION | |
| fixed length control field | 130614e2013 sp |||||s|||| 00||0 spa d |
| 035 ## - | |
| -- | 11317 |
| 040 ## - CATALOGING SOURCE | |
| Original cataloging agency | vLex |
| 090 ## - | |
| -- | 4354 |
| -- | 4354 |
| 100 10 - MAIN ENTRY--PERSONAL NAME | |
| Personal name | Medina, Jose María |
| 245 13 - TITLE STATEMENT | |
| Title | El acuerdo de regulación de empleo y la actuación de oficio de la administración laboral en la acción de nulidad |
| Statement of responsibility, etc | / Jose María Medina |
| Medium | [Recurso electrónico] |
| 256 ## - | |
| -- | Servicio en línea |
| 260 ## - PUBLICATION, DISTRIBUTION, ETC. (IMPRINT) | |
| Place of publication, distribution, etc | Barcelona : |
| Name of publisher, distributor, etc | Editorial vLex, |
| Date of publication, distribution, etc | 2013 |
| 300 ## - PHYSICAL DESCRIPTION | |
| Extent | 1 Recurso electrónico |
| 506 ## - RESTRICTIONS ON ACCESS NOTE | |
| Terms governing access | Contenido solo disponible en los productos indicados |
| Authorized users | vLex Global |
| -- | vLex Global (Academic Edition, excluding Law Schools) |
| -- | vLex Global (U.S. Academic Edition, Law Schools) |
| -- | vLex Global (U.S. Academic Edition, excluding Law Schools) |
| -- | vLex Global (Academic Edition, Law Schools) |
| 650 #4 - SUBJECT ADDED ENTRY--TOPICAL TERM | |
| Topical term or geographic name as entry element | Derecho laboral y Seguridad Social |
| Geographic subdivision | España |
| 740 ## - | |
| -- | vLex Libros (Servicio en línea) |
| 856 ## - LOCALIZACIÓN Y ACCESO ELECTRÓNICO | |
| Host name | Acceso restringido |
| Identificador Uniforme del Recurso (URI/URL) | http://www.vlex.com/source/11317 |
| 942 ## - | |
| -- | RAA |
| 999 ## - | |
| -- | 162720 |
| -- | 162720 |
No hay ítems disponibles.